[Event "Lille Luce op 7th"]
[Site "Lille"]
[Date "2016.04.13"]
[Round "7"]
[White "Bertinchamp, Jean Louis"]
[Black "Burgnies, Stephane"]
[Result "0-1"]
[WhiteElo "1786"]
[BlackElo "2130"]
[PlyCount "80"]
[EventDate "2016.04.09"]
[EventType "swiss"]
[EventRounds "7"]
[EventCountry "FRA"]
[SourceTitle "CBM 171 Extra"]
[Source "ChessBase"]
[SourceDate "2016.04.26"]
[SourceVersion "1"]
[SourceVersionDate "2016.04.26"]
[SourceQuality "1"]

1. c4 Nf6 2. Nc3 e6 3. Nf3 c5 4. g3 b6 5. Bg2 Bb7 6. 0-0 Be7 7. b3 0-0 8. Bb2 d6 9. Qc2 Nbd7 10. Rad1 a6 11. e3 b5 12. d3 Qb6 13. Rd2 Rfe8 14. cxb5 axb5 15. a4 bxa4 16. bxa4 Bc6 17. Rb1 Qa5 18. Nb5 Reb8 19. Ne1 Bxg2 20. Kxg2 Qxa4 21. Bxf6 Nxf6 22. Nc3 Qc6+ 23. Kg1 Nd7 24. Rxb8+ Rxb8 25. Qa2 Bf6 26. Ne4 Be7 27. Rb2 Ra8 28. Qb1 f5 29. Nd2 h6 30. Ra2 Rb8 31. Rb2 Rxb2 32. Qxb2 Bf6 33. Qb3 Kf7 34. Ng2 g5 35. Qd1 Ne5 36. Qh5+ Kg7 37. h4 Qa8 38. hxg5 hxg5 39. e4 Qa1+ 40. Kh2 Ng4+ 0-1

[Event "Lille Luce op 7th"]
[Site "Lille"]
[Date "2016.04.12"]
[Round "5"]
[White "Burgnies, Stephane"]
[Black "Moussard, Jules"]
[Result "0-1"]
[WhiteElo "2130"]
[BlackElo "2513"]
[PlyCount "148"]
[EventDate "2016.04.09"]
[EventType "swiss"]
[EventRounds "7"]
[EventCountry "FRA"]
[SourceTitle "CBM 171 Extra"]
[Source "ChessBase"]
[SourceDate "2016.04.26"]
[SourceVersion "1"]
[SourceVersionDate "2016.04.26"]
[SourceQuality "1"]

1. e3 g6 2. d3 d5 3. d4 Bg7 4. Nf3 Nf6 5. Be2 0-0 6. 0-0 c5 7. c3 Nc6 8. Nbd2 b6 9. b3 Qc7 10. Ba3 Rd8 11. Rc1 e5 12. dxc5 Bf5 13. Re1 Nd7 14. c4 d4 15. e4 Be6 16. Ng5 bxc5 17. Nxe6 fxe6 18. Bg4 Re8 19. Nf3 Qa5 20. Bb2 Qxa2 21. Re2 Qa5 22. Ng5 Nf8 23. Ra1 Qb6 24. h4 h6 25. Nf3 Nd7 26. Bc1 a5 27. Ne1 Rab8 28. Ra3 h5 29. Bf3 Qd8 30. g3 Nb6 31. Nd3 Qd6 32. Rb2 a4 33. Be2 Bf8 34. Rb1 axb3 35. Raxb3 Nxc4 36. Rxb8 Rxb8 37. Rxb8 Nxb8 38. Qa4 Nb6 39. Qe8 Kg7 40. f4 N8d7 41. Nxe5 Nxe5 42. fxe5 Qxe5 43. Bf4 Qf6 44. Qb8 Nd7 45. Qc7 Qf7 46. e5 c4 47. Bxc4 Nc5 48. Qd8 d3 49. Bxd3 Be7 50. Qd4 Nxd3 51. Qxd3 Bxh4 52. Qd2 Be7 53. Bh6+ Kh7 54. Bf4 Kg8 55. Qc1 Qf5 56. Qc8+ Kf7 57. Qh8 h4 58. Qh7+ Ke8 59. Qg8+ Kd7 60. Qb8 Qe4 61. Qb5+ Kc7 62. Qa5+ Kc8 63. Qa6+ Kd7 64. Qb5+ Qc6 65. Qd3+ Qd5 66. Qxg6 Qf3 67. Qc2 hxg3 68. Qd2+ Ke8 69. Qe3 Qd5 70. Qxg3 Bc5+ 71. Kf1 Qh1+ 72. Ke2 Qe4+ 73. Kf1 Kf7 74. Bh6 Qh1+ 0-1

[Event "Lille Luce op 7th"]
[Site "Lille"]
[Date "2016.04.11"]
[Round "4"]
[White "Dubois, Emmanuelle"]
[Black "Burgnies, Stephane"]
[Result "0-1"]
[WhiteElo "1779"]
[BlackElo "2130"]
[PlyCount "100"]
[EventDate "2016.04.09"]
[EventType "swiss"]
[EventRounds "7"]
[EventCountry "FRA"]
[SourceTitle "CBM 171 Extra"]
[Source "ChessBase"]
[SourceDate "2016.04.26"]
[SourceVersion "1"]
[SourceVersionDate "2016.04.26"]
[SourceQuality "1"]

1. e4 Nc6 2. Nf3 d6 3. d4 Nf6 4. Nc3 Bg4 5. Be3 a6 6. h3 Bh5 7. a3 e6 8. Bc4 Be7 9. Qe2 0-0 10. Ba2 b5 11. 0-0 e5 12. g4 exd4 13. Nxd4 Nxd4 14. Bxd4 Bg6 15. Rad1 Kh8 16. f4 h6 17. f5 Bh7 18. Rfe1 Nd7 19. Nd5 Bh4 20. Rf1 Re8 21. c4 c6 22. Nc3 Qe7 23. cxb5 axb5 24. Qd2 Bg5 25. Qg2 Rad8 26. Rfe1 Ne5 27. Bb6 Rd7 28. Ne2 Rb7 29. Bf2 b4 30. a4 b3 31. Bb1 Rb4 32. Nc3 Bf6 33. a5 Nc4 34. Bd4 Bh4 35. Re2 Bf6 36. Bxf6 Qxf6 37. a6 Rb6 38. Qg3 Ne5 39. Bd3 Qe7 40. Ra1 f6 41. Qe3 Rbb8 42. Na4 Bg8 43. Rg2 Qd8 44. Nc3 Re7 45. h4 d5 46. Re1 d4 47. Qh3 dxc3 48. Rg3 cxb2 49. g5 Qd4+ 50. Kh2 Nxd3 0-1

[Event "Lille Luce op 6th"]
[Site "Lille"]
[Date "2015.05.06"]
[Round "4"]
[White "Burgnies, Stephane"]
[Black "Maiorov, Nikita"]
[Result "0-1"]
[WhiteElo "2195"]
[BlackElo "2563"]
[PlyCount "150"]
[EventDate "2015.05.04"]
[EventType "swiss"]
[EventRounds "9"]
[EventCountry "FRA"]
[SourceTitle "EXT 2017"]
[Source "ChessBase"]
[SourceDate "2016.10.25"]
[SourceVersion "1"]
[SourceVersionDate "2016.10.25"]
[SourceQuality "1"]

1. Nf3 Nf6 2. c4 b6 3. g3 Bb7 4. Bg2 e6 5. 0-0 Be7 6. Nc3 0-0 7. d4 Na6 8. b3 d5 9. cxd5 exd5 10. Bb2 Re8 11. Rc1 Bf8 12. Ne5 Qe7 13. e3 Red8 14. Re1 c5 15. a3 Nc7 16. Re2 Ne6 17. Rd2 cxd4 18. exd4 Nxd4 19. Nxf7 Qxf7 20. Rxd4 Bc5 21. Rf4 Bd6 22. Rd4 Be5 23. Rd2 d4 24. Bxb7 Qxb7 25. f4 Bd6 26. Nb5 Bf8 27. b4 a5 28. Rxd4 Rxd4 29. Qxd4 axb4 30. axb4 Qf3 31. Nc3 Re8 32. Rf1 Qh5 33. Kg2 Qf7 34. Rf2 Qb7+ 35. Kg1 b5 36. Re2 Rc8 37. Ne4 Ng4 38. Nd6 Qf3 39. Qe4 Qxe4 40. Nxe4 Bxb4 41. Kg2 h5 42. Ng5 Nf6 43. h3 Bd6 44. Kf3 b4 45. Rd2 Be7 46. Ne6 g6 47. g4 Kf7 48. Ng5+ Ke8 49. gxh5 Nxh5 50. Ne4 Rc6 51. Be5 Rc1 52. Ng3 Nxg3 53. Kxg3 Kf7 54. Bd6 Rc6 55. Be5 Ke6 56. Bb2 Bf6 57. Bxf6 Kxf6 58. Rb2 Rb6 59. Rb3 Rb8 60. Kf3 Ke6 61. Kg4 Rb5 62. f5+ gxf5+ 63. Kf4 Kf6 64. Kf3 Kg5 65. Ke3 Kh5 66. Kf3 Kg5 67. Ke3 Re5+ 68. Kf3 Re4 69. Rd3 Rc4 70. Rd8 Rc3+ 71. Kg2 b3 72. Rb8 Rc2+ 73. Kf3 Rc3+ 74. Kg2 Kf4 75. Rb4+ Ke3 0-1

[Event "Lille Luce op 6th"]
[Site "Lille"]
[Date "2015.05.06"]
[Round "3"]
[White "Wuhrmann, Daniel"]
[Black "Burgnies, Stephane"]
[Result "0-1"]
[WhiteElo "1723"]
[BlackElo "2195"]
[PlyCount "82"]
[EventDate "2015.05.04"]
[EventType "swiss"]
[EventRounds "9"]
[EventCountry "FRA"]
[SourceTitle "EXT 2017"]
[Source "ChessBase"]
[SourceDate "2016.10.25"]
[SourceVersion "1"]
[SourceVersionDate "2016.10.25"]
[SourceQuality "1"]

1. e4 Nf6 2. e5 Nd5 3. d4 d6 4. Nf3 g6 5. Ng5 h6 6. Nxf7 Kxf7 7. Qf3+ Nf6 8. exf6 exf6 9. Bc4+ Kg7 10. 0-0 c6 11. Re1 Bf5 12. c3 d5 13. Bd3 Bxd3 14. Qxd3 Bd6 15. Be3 Nd7 16. Nd2 b5 17. Nf3 a5 18. Nh4 Nf8 19. Re2 Qc7 20. h3 Qf7 21. Rae1 Re8 22. Nf3 Nd7 23. Qd2 g5 24. Nh2 Nb6 25. b3 a4 26. f4 Qc7 27. g3 Re4 28. fxg5 hxg5 29. Bxg5 Bxg3 30. Bxf6+ Kxf6 31. Rf1+ Kg6 32. Rg2 Rxh3 33. Nf3 Qe7 34. Ne5+ Rxe5 35. dxe5 Qxe5 36. Qf2 Nd7 37. Qf7+ Kh6 38. Qxd7 Qe3+ 39. Rff2 Bxf2+ 40. Rxf2 Qe1+ 41. Kg2 Qh1# 0-1

[Event "Lille Luce op 5th"]
[Site "Lille"]
[Date "2014.04.29"]
[Round "2"]
[White "Burgnies, Stephane"]
[Black "Manet, Eric"]
[Result "1/2-1/2"]
[WhiteElo "2170"]
[BlackElo "1915"]
[PlyCount "87"]
[EventDate "2014.04.28"]
[EventType "swiss"]
[EventRounds "9"]
[EventCountry "FRA"]
[SourceTitle "CBM 160 Extra"]
[Source "ChessBase"]
[SourceDate "2014.07.01"]
[SourceVersion "1"]
[SourceVersionDate "2014.07.01"]
[SourceQuality "1"]

1. d3 g6 2. g3 Bg7 3. Bg2 Nf6 4. f4 d6 5. Nf3 0-0 6. 0-0 c5 7. c3 Nc6 8. Na3 Qc7 9. e4 a6 10. Qe1 Nd7 11. g4 Re8 12. Nc2 Nf8 13. Qg3 Bd7 14. Kh1 Rab8 15. Bd2 b5 16. Ne3 Qc8 17. g5 b4 18. f5 bxc3 19. bxc3 Rb2 20. Nc4 Rxd2 21. Ncxd2 Bxc3 22. Rab1 Bxd2 23. Nxd2 Ne5 24. f6 exf6 25. gxf6 Bb5 26. Qh4 Ne6 27. Bh3 Kh8 28. Qh6 Rg8 29. Bxe6 Qxe6 30. Nf3 Ng4 31. Qh4 h5 32. Ng5 Qxa2 33. Ra1 Qb3 34. Rfb1 Qxd3 35. Nxf7+ Kh7 36. Ng5+ Kh8 37. Nf7+ Kh7 38. Ng5+ Kh8 39. Rd1 Qc3 40. Nf7+ Kh7 41. Ng5+ Kh8 42. Nf7+ Kh7 43. Ng5+ Kh8 44. Nf7+ 1/2-1/2

[Event "Lille Luce op 4th"]
[Site "Lille"]
[Date "2013.04.13"]
[Round "1"]
[White "Vaibhav, Suri"]
[Black "Burgnies, Stephane"]
[Result "1-0"]
[WhiteElo "2513"]
[BlackElo "2153"]
[PlyCount "103"]
[EventDate "2013.04.13"]
[EventType "swiss"]
[EventRounds "9"]
[EventCountry "FRA"]
[SourceTitle "CBM 154 Extra"]
[Source "ChessBase"]
[SourceDate "2013.06.25"]
[SourceVersion "2"]
[SourceVersionDate "2013.06.25"]
[SourceQuality "1"]

1. e4 c5 2. Nf3 e6 3. d4 cxd4 4. Nxd4 Nf6 5. Nc3 Nc6 6. Ndb5 Bb4 7. a3 Bxc3+ 8. Nxc3 d5 9. exd5 exd5 10. Bd3 0-0 11. 0-0 d4 12. Ne2 Bg4 13. Qd2 Qd7 14. b4 a6 15. Bb2 Rfd8 16. Rfe1 Rac8 17. Ng3 h6 18. h3 Be6 19. Rad1 Ne7 20. Qf4 Nc6 21. Nf5 Bxf5 22. Bxf5 Qc7 23. Qh4 Ra8 24. Bxd4 Nxd4 25. Rxd4 Rxd4 26. Qxd4 Rd8 27. Qe5 Qc6 28. Bd3 Re8 29. Qa1 Kf8 30. c4 b6 31. Rxe8+ Nxe8 32. Qd4 Qc7 33. Kf1 Ke7 34. Ke2 Nf6 35. g3 Qc6 36. Kd2 Ne8 37. Qe4+ Kd6 38. Qxc6+ Kxc6 39. Ke3 Nc7 40. h4 Ne8 41. Be4+ Kc7 42. Bd5 f6 43. Kd4 Nd6 44. Bf3 Nf7 45. Kd5 Nd8 46. Bd1 Kd7 47. Ba4+ Kc7 48. Be8 Nb7 49. Bg6 a5 50. Ke6 axb4 51. axb4 Nd6 52. Bd3 1-0

[Event "FRA-chT2 Nord 0708"]
[Site "France"]
[Date "2008.03.16"]
[Round "9.5"]
[White "Emmenecker, Philippe"]
[Black "Burgnies, Stephane"]
[Result "1/2-1/2"]
[WhiteElo "2181"]
[BlackElo "2157"]
[PlyCount "98"]
[EventDate "2007.10.21"]
[EventType "team"]
[EventRounds "11"]
[EventCountry "FRA"]
[SourceTitle "EXT 2009"]
[Source "ChessBase"]
[SourceDate "2008.11.26"]
[SourceVersion "1"]
[SourceVersionDate "2008.11.26"]
[SourceQuality "1"]
[WhiteTeam "Issy les Moulineaux"]
[BlackTeam "Lille"]
[WhiteTeamCountry "FRA"]
[BlackTeamCountry "FRA"]

1. d4 d5 2. Nf3 Nf6 3. c4 e6 4. Nc3 Be7 5. Bg5 0-0 6. e3 h6 7. Bxf6 Bxf6 8. Qd2 c6 9. Rd1 Nd7 10. Bd3 Qe7 11. cxd5 exd5 12. 0-0 Nb6 13. h3 Be6 14. Rfe1 Rfd8 15. Ne2 Nc8 16. Ng3 Nd6 17. Qc2 g6 18. Ne5 h5 19. e4 dxe4 20. Bxe4 Nxe4 21. Nxe4 Bxe5 22. dxe5 Bf5 23. f4 Bxe4 24. Qxe4 Rxd1 25. Rxd1 Rd8 26. Rxd8+ Qxd8 27. e6 Qe7 28. exf7+ Qxf7 29. b3 Qf6 30. Kh2 Kf7 31. Qc4+ Kg7 32. Qe4 Kf7 33. Qa4 Qd6 34. Qc4+ Kf6 35. Qc3+ Kf5 36. g4+ hxg4 37. hxg4+ Ke6 38. Qe3+ Kf7 39. Kh3 Qd5 40. Kg3 c5 41. Qf3 Qd7 42. Qc3 Qd6 43. Qc4+ Kg7 44. Qe4 Qc7 45. g5 b5 46. Qh1 Kg8 47. Qd5+ Kg7 48. Qh1 Kg8 49. Qd5+ Kg7 1/2-1/2

[Event "FRA-chT2 Nord 0708"]
[Site "France"]
[Date "2008.02.03"]
[Round "7.6"]
[White "Dessenne, Francois"]
[Black "Burgnies, Stephane"]
[Result "0-1"]
[WhiteElo "2082"]
[BlackElo "2157"]
[PlyCount "96"]
[EventDate "2007.10.21"]
[EventType "team"]
[EventRounds "11"]
[EventCountry "FRA"]
[SourceTitle "EXT 2009"]
[Source "ChessBase"]
[SourceDate "2008.11.26"]
[SourceVersion "1"]
[SourceVersionDate "2008.11.26"]
[SourceQuality "1"]
[WhiteTeam "Neuville en Ferrain"]
[BlackTeam "Lille"]
[WhiteTeamCountry "FRA"]
[BlackTeamCountry "FRA"]

1. e4 e5 2. Nf3 Nc6 3. Bb5 Nf6 4. 0-0 Bc5 5. Bxc6 dxc6 6. d3 Nd7 7. c3 0-0 8. Nbd2 Re8 9. b4 Bd6 10. Nc4 Nf8 11. h3 b6 12. a4 Ng6 13. Bg5 f6 14. Be3 Bf8 15. Qc2 Be6 16. Nb2 Qd7 17. d4 Qf7 18. b5 exd4 19. cxd4 cxb5 20. axb5 Bd7 21. Qd3 c6 22. bxc6 Bxc6 23. Nd2 Rad8 24. f3 Qd7 25. Rfc1 Rc8 26. Qa6 Bb4 27. Qa2+ Kh8 28. Nd3 Bxd2 29. Qxd2 Bb5 30. Nb4 Ne7 31. d5 Ng6 32. Nc6 Bxc6 33. Rxc6 Ne5 34. Rxc8 Rxc8 35. Qa2 Nc4 36. Bf2 a5 37. Rc1 b5 38. Be1 a4 39. Bb4 Kg8 40. Qf2 Kf7 41. Qd4 Ne5 42. Rxc8 Qxc8 43. Qa7+ Kg6 44. Qe3 Qc4 45. f4 Qxb4 46. Qg3+ Kf7 47. fxe5 Qd4+ 48. Kh1 Qa1+ 0-1

[Event "FRA-chT2 Nord 0708"]
[Site "France"]
[Date "2008.01.20"]
[Round "6.3"]
[White "Pira, Davoud"]
[Black "Burgnies, Stephane"]
[Result "1-0"]
[WhiteElo "2406"]
[BlackElo "2157"]
[PlyCount "65"]
[EventDate "2007.10.21"]
[EventType "team"]
[EventRounds "11"]
[EventCountry "FRA"]
[SourceTitle "EXT 2009"]
[Source "ChessBase"]
[SourceDate "2008.11.26"]
[SourceVersion "1"]
[SourceVersionDate "2008.11.26"]
[SourceQuality "1"]
[WhiteTeam "Rueil Malmaison"]
[BlackTeam "Lille"]
[WhiteTeamCountry "FRA"]
[BlackTeamCountry "FRA"]

1. d4 d5 2. c4 e6 3. Nc3 Be7 4. cxd5 exd5 5. Bf4 Bf5 6. Qb3 Nc6 7. Qxb7 Nb4 8. Rc1 Nc2+ 9. Rxc2 Bxc2 10. e3 Nf6 11. Bxc7 Qc8 12. Qc6+ Kf8 13. Ba6 Qe8 14. Qb7 h6 15. Nf3 Kg8 16. 0-0 Kh7 17. Ne5 Be4 18. f3 Bf5 19. Nxd5 Nd7 20. Bb5 Bf6 21. e4 Be6 22. Nxf6+ gxf6 23. Nd3 Qc8 24. Bc6 Bc4 25. Rd1 Qxb7 26. Bxb7 Rae8 27. b3 Bxd3 28. Rxd3 Nc5 29. dxc5 Re7 30. Bd8 Rxb7 31. c6 Rb5 32. c7 Rc5 33. Rd4 1-0

[Event "FRA-chT2 Nord 0708"]
[Site "France"]
[Date "2007.11.25"]
[Round "3.5"]
[White "Andrieux, Pascal"]
[Black "Burgnies, Stephane"]
[Result "1-0"]
[WhiteElo "2219"]
[BlackElo "2164"]
[PlyCount "53"]
[EventDate "2007.10.21"]
[EventType "team"]
[EventRounds "11"]
[EventCountry "FRA"]
[SourceTitle "EXT 2009"]
[Source "ChessBase"]
[SourceDate "2008.11.26"]
[SourceVersion "1"]
[SourceVersionDate "2008.11.26"]
[SourceQuality "1"]
[WhiteTeam "Arras"]
[BlackTeam "Lille"]
[WhiteTeamCountry "FRA"]
[BlackTeamCountry "FRA"]

1. e4 e5 2. Nf3 Nc6 3. d4 exd4 4. Nxd4 Nf6 5. Nxc6 bxc6 6. Bd3 d5 7. e5 Nd7 8. 0-0 Be7 9. f4 0-0 10. Nd2 Re8 11. Nf3 f6 12. Kh1 Bc5 13. Bd2 Nf8 14. Bc3 Be7 15. Nd4 Bd7 16. Qf3 Qc8 17. Rae1 Kh8 18. b4 a5 19. a3 axb4 20. axb4 Ra3 21. Bb2 Ra2 22. Bc3 Ra3 23. Nb3 Qd8 24. Qh5 g6 25. Qh6 fxe5 26. Rxe5 Kg8 27. f5 1-0

[Event "Bethune op-A 25th"]
[Site "Bethune"]
[Date "2004.12.29"]
[Round "5"]
[White "Burgnies, Stephane"]
[Black "Lesot, Jeremy"]
[Result "1-0"]
[WhiteElo "2162"]
[BlackElo "1900"]
[PlyCount "55"]
[EventDate "2004.12.26"]
[EventType "swiss"]
[EventRounds "7"]
[EventCountry "FRA"]
[SourceTitle "CBM 104 Extra"]
[Source "ChessBase"]
[SourceDate "2005.03.01"]
[SourceVersion "1"]
[SourceVersionDate "2005.03.01"]
[SourceQuality "1"]

1. d4 d5 2. Nf3 Nf6 3. c4 e6 4. Nc3 dxc4 5. Bg5 h6 6. Bxf6 Qxf6 7. e4 c6 8. Bxc4 Bb4 9. 0-0 Bxc3 10. bxc3 0-0 11. e5 Qe7 12. Nd2 c5 13. Ne4 cxd4 14. cxd4 Bd7 15. f4 Bc6 16. d5 exd5 17. Bxd5 Bxd5 18. Qxd5 Na6 19. Nd6 b6 20. Qd3 Nc5 21. Qg3 f5 22. Qf3 Rad8 23. Rad1 Kh8 24. Qh5 Rxd6 25. exd6 Qe3+ 26. Kh1 Kh7 27. d7 g6 28. Qh4 1-0

[Event "Bethune op-A 25th"]
[Site "Bethune"]
[Date "2004.12.29"]
[Round "6"]
[White "Kononenko, Tatiana"]
[Black "Burgnies, Stephane"]
[Result "1-0"]
[WhiteElo "2305"]
[BlackElo "2162"]
[PlyCount "121"]
[EventDate "2004.12.26"]
[EventType "swiss"]
[EventRounds "7"]
[EventCountry "FRA"]
[SourceTitle "CBM 104 Extra"]
[Source "ChessBase"]
[SourceDate "2005.03.01"]
[SourceVersion "1"]
[SourceVersionDate "2005.03.01"]
[SourceQuality "1"]

1. d4 d5 2. c4 e6 3. Nc3 Be7 4. cxd5 exd5 5. Bf4 c6 6. Qc2 g6 7. f3 Nf6 8. g4 Be6 9. e3 Qa5 10. h4 c5 11. Bb5+ Nfd7 12. dxc5 a6 13. Bxd7+ Nxd7 14. Nge2 Bxc5 15. h5 b5 16. Kf2 Rc8 17. a3 Qd8 18. b4 Be7 19. hxg6 fxg6 20. Rxh7 Rxh7 21. Qxg6+ Rf7 22. Qxe6 Qb6 23. Qxb6 Nxb6 24. g5 d4 25. Ne4 dxe3+ 26. Bxe3 Nd5 27. Bc5 Bxc5+ 28. bxc5 Ke7 29. Nd6 Rxc5 30. Nxf7 Kxf7 31. f4 Kg6 32. Kf3 Rc4 33. Rd1 Nxf4 34. Nxf4+ Kxg5 35. Rd5+ Kf6 36. Ke3 Ra4 37. Rd3 Ke5 38. Nd5 a5 39. Nb6 Rh4 40. Kd2 Ke4 41. Kc2 Rh2+ 42. Rd2 Rxd2+ 43. Kxd2 Kd4 44. Kc2 Kc5 45. Nd7+ Kc4 46. Ne5+ Kd5 47. Nd3 Kc4 48. Nb2+ Kd4 49. Kb3 Kc5 50. Nd1 Kd4 51. Kc2 Kc4 52. Ne3+ Kd4 53. Kd2 Ke4 54. Nc2 Kd5 55. Kd3 Kc5 56. Ne3 b4 57. a4 b3 58. Nd1 Kb4 59. Nb2 Ka3 60. Kc3 Ka2 61. Nc4 1-0

[Event "Bethune op-A 25th"]
[Site "Bethune"]
[Date "2004.12.27"]
[Round "2"]
[White "Burgnies, Stephane"]
[Black "Abeln, Michiel"]
[Result "0-1"]
[WhiteElo "2162"]
[BlackElo "2341"]
[PlyCount "102"]
[EventDate "2004.12.26"]
[EventType "swiss"]
[EventRounds "7"]
[EventCountry "FRA"]
[SourceTitle "CBM 104 Extra"]
[Source "ChessBase"]
[SourceDate "2005.03.01"]
[SourceVersion "1"]
[SourceVersionDate "2005.03.01"]
[SourceQuality "1"]

1. d4 f5 2. Nf3 Nf6 3. g3 e6 4. Bg2 d5 5. 0-0 Bd6 6. c4 c6 7. b3 Qe7 8. Bb2 b6 9. Qc1 Bb7 10. Ba3 0-0 11. Bxd6 Qxd6 12. Qa3 c5 13. Ne5 Na6 14. Nd2 Nb4 15. Rac1 cxd4 16. Nd3 a5 17. cxd5 Bxd5 18. Nc4 Qd8 19. Nxb4 axb4 20. Qxb4 Bxg2 21. Kxg2 Rxa2 22. Nxb6 Nd5 23. Nxd5 Qxd5+ 24. Kg1 Rxe2 25. Rc5 Qd6 26. Qc4 Re4 27. Rc6 Qe5 28. f4 Qf6 29. Rd6 g5 30. fxg5 Qxg5 31. Rf4 d3 32. Rd4 Re1+ 33. Kg2 Re2+ 34. Kf1 Qh5 35. Qxd3 Rxh2 36. Rh4 Rxh4 37. Rxh4 Qg6 38. Qe3 Kg7 39. Ra4 Qf6 40. Ra6 Re8 41. b4 h5 42. Qf4 Kg6 43. b5 Qc3 44. Rb6 Qa1+ 45. Kg2 Qa2+ 46. Kh3 Qd5 47. Qc1 h4 48. Qe1 hxg3 49. Qxg3+ Kf7 50. Qc7+ Re7 51. Qb8 Rd7 0-1

[Event "Bethune op-A 25th"]
[Site "Bethune"]
[Date "2004.12.27"]
[Round "3"]
[White "Lagache, Guillaume"]
[Black "Burgnies, Stephane"]
[Result "1/2-1/2"]
[WhiteElo "1920"]
[BlackElo "2162"]
[PlyCount "30"]
[EventDate "2004.12.26"]
[EventType "swiss"]
[EventRounds "7"]
[EventCountry "FRA"]
[SourceTitle "CBM 104 Extra"]
[Source "ChessBase"]
[SourceDate "2005.03.01"]
[SourceVersion "1"]
[SourceVersionDate "2005.03.01"]
[SourceQuality "1"]

1. d4 d5 2. c4 e6 3. Nf3 Nf6 4. Nc3 Be7 5. Bg5 0-0 6. e3 h6 7. Bh4 b6 8. Bd3 Bb7 9. 0-0 Nbd7 10. Qe2 c5 11. Rfd1 Rc8 12. Rac1 Re8 13. Ne5 Nxe5 14. dxe5 Nd7 15. Bg3 Bh4 1/2-1/2

[Event "FRA-chT2"]
[Site "France"]
[Date "2002.03.24"]
[Round "11.4"]
[White "Lauer, Ludovic"]
[Black "Burgnies, Stephane"]
[Result "1/2-1/2"]
[WhiteElo "2143"]
[BlackElo "2194"]
[PlyCount "20"]
[EventDate "2002.??.??"]
[EventType "team"]
[EventRounds "11"]
[EventCountry "FRA"]
[SourceTitle "EXT 2003"]
[Source "ChessBase"]
[SourceDate "2002.11.25"]
[SourceVersion "1"]
[SourceVersionDate "2002.11.25"]
[SourceQuality "1"]

1. d4 Nf6 2. Nf3 e6 3. e3 b6 4. Bd3 Bb7 5. 0-0 d6 6. c4 Be7 7. Nc3 Nbd7 8. Re1 0-0 9. e4 e5 10. h3 Re8 1/2-1/2

[Event "IECG CM.2000.0.00115"]
[Site "IECG email"]
[Date "2000.??.??"]
[Round "?"]
[White "Burgnies, Stephane"]
[Black "Gutsche, Dieter"]
[Result "0-1"]
[WhiteElo "2208"]
[BlackElo "2403"]
[PlyCount "44"]
[EventDate "2000.08.20"]
[EventType "tourn (corr)"]
[EventRounds "6"]
[SourceTitle "Corr 2008"]
[Source "ChessBase"]
[SourceDate "2008.06.24"]
[SourceVersion "1"]
[SourceVersionDate "2008.06.24"]
[SourceQuality "1"]

1. d4 Nf6 2. c4 e6 3. Nc3 Bb4 4. Qc2 0-0 5. a3 Bxc3+ 6. Qxc3 b6 7. Bg5 Bb7 8. f3 h6 9. Bh4 d5 10. e3 Nbd7 11. cxd5 Nxd5 12. Bxd8 Nxc3 13. Bh4 Nd5 14. Bf2 f5 15. Bb5 c6 16. Bd3 e5 17. Ne2 Rae8 18. 0-0 exd4 19. exd4 Nb8 20. Rac1 Ba6 21. Bxa6 Nxa6 22. Nf4 Nxf4 0-1

[Event "IECG CM.2000.0.00115"]
[Site "IECG email"]
[Date "2000.??.??"]
[Round "?"]
[White "Burgnies, Stephane"]
[Black "Percze, Janos"]
[Result "0-1"]
[WhiteElo "2208"]
[BlackElo "2241"]
[PlyCount "50"]
[EventDate "2000.08.20"]
[EventType "tourn (corr)"]
[EventRounds "6"]
[SourceTitle "Corr 2008"]
[Source "ChessBase"]
[SourceDate "2008.06.24"]
[SourceVersion "1"]
[SourceVersionDate "2008.06.24"]
[SourceQuality "1"]

1. d4 Nf6 2. c4 e6 3. Nc3 d5 4. cxd5 Nxd5 5. e4 Nxc3 6. bxc3 c5 7. Rb1 Be7 8. Nf3 0-0 9. Bc4 Nc6 10. 0-0 b6 11. d5 Na5 12. Bd3 c4 13. Bc2 exd5 14. exd5 Bb7 15. Re1 Qd6 16. Bf4 Qxf4 17. Rxe7 Qd6 18. Ng5 g6 19. Re3 Qxd5 20. Qxd5 Bxd5 21. Rh3 Rfe8 22. Nxh7 Kg7 23. Ng5 Re2 24. Rc1 Rae8 25. Kf1 Nb7 0-1

[Event "Bethune op 21st"]
[Site "Bethune"]
[Date "2000.??.??"]
[Round "4"]
[White "Burgnies, Stephane"]
[Black "Sintive, Xavier"]
[Result "1/2-1/2"]
[WhiteElo "2205"]
[BlackElo "1800"]
[PlyCount "62"]
[EventDate "2000.12.26"]
[EventType "swiss"]
[EventRounds "7"]
[EventCountry "FRA"]
[SourceTitle "EXT 2003"]
[Source "ChessBase"]
[SourceDate "2002.11.25"]
[SourceVersion "1"]
[SourceVersionDate "2002.11.25"]
[SourceQuality "1"]

1. e4 d6 2. d4 g6 3. c4 c5 4. Nf3 Bg7 5. Nc3 Nf6 6. Be2 0-0 7. 0-0 Na6 8. d5 Nc7 9. Nd2 a6 10. a4 Bd7 11. a5 Nfe8 12. f4 f5 13. exf5 Bxf5 14. Nf3 Nf6 15. Bd3 e6 16. Bxf5 exf5 17. Rb1 Re8 18. b4 cxb4 19. Rxb4 Nd7 20. Na4 Rb8 21. Qb3 Re4 22. Ng5 Bd4+ 23. Kh1 Nc5 24. Nxc5 Bxc5 25. Nxe4 Bxb4 26. Ng5 Bxa5 27. Bb2 Qe7 28. Qd3 h6 29. Ne6 Kh7 30. g4 Nxe6 31. Qe3 Bb6 1/2-1/2